Statistics for 2018 FIFA World Cup AFC Qualifying Round 3

Click here to take the quiz!

General Stats

  • This quiz has been taken 185 times
  • The average score is 11 of 12

Answer Stats

Qualified Team% Correct
Japan
99%
South Korea
96%
China
94%
Iran
94%
Saudi Arabia
93%
Australia
90%
Iraq
87%
United Arab Emirates
86%
Qatar
85%
Thailand
81%
Syria
75%
Uzbekistan
71%

Score Distribution

Percentile by Number Answered

Percent of People with Each Score

Your Score History

You have not taken this quiz